logo

Bir Sreshtho Munshi Abdur Rouf Library
Jhenaidah Cadet College

দুর্গেশনন্দিনী / (Record no. 10893)

MARC details
000 -LEADER
fixed length control field 00721nam a2200229 a 4500
001 - CONTROL NUMBER
JCCL Control Number 10893
003 - CONTROL NUMBER IDENTIFIER
JCCL marc code BD-JhCC
005 - DATE AND TIME OF LATEST TRANSACTION
control field 20230208134023.0
008 - FIXED-LENGTH DATA ELEMENTS--GENERAL INFORMATION
fixed length control field 190527b2017 bd ||||| |||| 00| 0 eng d
020 ## - INTERNATIONAL STANDARD BOOK NUMBER
International Standard Book Number 9789848798393
035 ## - SYSTEM CONTROL NUMBER
system control number (BD-JhCC)10893
040 ## - CATALOGING SOURCE
Original cataloging agency BD-JhCC
Modifying agency BD-JhCC
041 ## - LANGUAGE CODE
Language code of Book ben
082 ## - DEWEY DECIMAL CLASSIFICATION NUMBER
Author mark and Year CHA 2017
Classification number 891.443
100 ## - MAIN ENTRY--PERSONAL NAME
Personal name চট্টোপাধ্যায়, বঙ্কিমচন্দ্র
245 ## - TITLE STATEMENT
Title দুর্গেশনন্দিনী /
Statement of responsibility, etc বঙ্কিমচন্দ্র চট্টোপাধ্যায়
260 ## - PUBLICATION, DISTRIBUTION, ETC. (IMPRINT)
Place of publication, distribution, etc ঢাকা:
Name of publisher, distributor, etc অবসর;
Date of publication, distribution, etc 2017.
300 ## - PHYSICAL DESCRIPTION
Pagination 203 p. :
Dimensions 20 cm.
650 ## - SUBJECT ADDED ENTRY--TOPICAL TERM
Topical term or geographic name as entry element Bengali Novel
942 ## - ADDED ENTRY ELEMENTS (KOHA)
Source of classification or shelving scheme Dewey Decimal Classification
Koha item type Books
Koha issues (borrowed), all copies 9
Holdings
Source of classification or shelving scheme Damaged status Not for loan Home library Current library Shelving location Date of accession Cost, normal purchase price Total Checkouts Full call number Barcode Checked out Date last seen Date checked out Copy number Koha item type
Dewey Decimal Classification     JCC Rouf Library JCC Rouf Library General Stacks 06/28/2019 160.00 11 891.443 CHA 2017 14904 03/20/2025 02/24/2025 02/24/2025 C-1 Books

JCC Library | Contacts | JCC Home

Last Update on 23 September 2017
Copyright @ 2017-2020 JCC Rouf Library
Rouf Library, Jhenidah Cadet College (JCC), Bangladesh